000
00350nam a2200145Ia 4500
008
231221s9999 xx 000 0 und d
041
_a
English
082
_a
372.35 KUL;1 R
100
_a
Kulshrestha, S P
245
0
_a
Teaching of physical sciences
260
_c
2008
_b
Law Publ.
_a
Meerut
300
_a
380
650
_a
physical
942
_c
ED
999
_c
207183
_d
207183